| 000 | 00946nam0a22002531 4500 | ||
|---|---|---|---|
| 001 | rc\18289 | ||
| 005 | 20250620115612.0 | ||
| 010 |
_a5-89055-004-7 _9500 |
||
| 035 | _a(NLR Aleph) 005305964 | ||
| 090 |
_a6337156 _c6337156 |
||
| 100 | _a20021204d1996 |||y0rusy50 ca | ||
| 101 | 0 | _arus | |
| 102 | _aRU | ||
| 105 | _aa ||||||||| | ||
| 200 | 1 |
_aВысокочастотная направленная и дифференциально-фазная защита ПДЭ 2003 для ВЛ 500-750 кВ _e(Релейн. ч.) _fА.И. Левиуш, Н.А. Дони, Л.А. Надель, А.М. Наумов |
|
| 210 |
_aМ. _cНауч.-учеб. центр "ЭНАС" _d1996 |
||
| 215 |
_a201 с. _cил. _d21 |
||
| 320 | _aБиблиогр.: с. 197-198 (13 назв.) | ||
| 701 | 1 |
_aЛевиуш _bА.И. _gАлександр Ильич |
|
| 801 | 0 |
_aRU _bNLR _gpsbo |
|
| 801 | 1 |
_aRU _bELAR _2rusmarc |
|
| 852 |
_aNLR _j96-3/9855 |
||
| 942 | _cBOOK | ||
| 980 | _aNB | ||